01011nam a2200241 a 4500001001000000003000500010005001700015008004100032010001100073011001100084040000900095100002700104245020400131260004100335500006000376502010400436650001700540650003700557650004200594650003900636650002400675856007000699000110954CHAP20220329144152.0141030s2014 mx a fsm |||||||spa d a107416 a108388 cCHAP1 aGarcía Cruz, Leticia10aCaracterización de frutos de pitaya de mayo (Stenocereus pruinosus (Otto) Buxb.) y de agosto (Stenocereus stellatus (Pfeiff.) en comportamiento postcosechah[En línea]cpor Leticia García Cruz. aChapingo, Méx. :bEl autor,c2014. aPara ver el contenido del material haga clic en la liga aTesis (M. C. y Tecnología Agroalimentarias ) -- UACH. Departamento de Ingeniería Agroindustrial14aCactáceas.14aFrutaxTecnología postcosecha.14aPitayaxComercializaciónzMéxico.14aPitayaxEfecto del medio ambiente.14aPitayaxVariedades. aFinding aiduhttp://10.13.5.2/tesis/sist110954.pdfzTeclea aquí